书目信息 |
| 题名: |
解读世界经济名著100部
|
|
| 作者: | 余嘉 编译 | |
| 分册: | ||
| 出版信息: | 北京 人民日报出版社 2004 |
|
| 页数: | 444页 | |
| 开本: | 21cm | |
| 丛书名: | 解读世界经典系列 | |
| 单 册: | ||
| 中图分类: | G252.1 | |
| 科图分类: | ||
| 主题词: | 经济学--著作--简介--世界 , 图书--评论 | |
| 电子资源: | ||
| ISBN: | 7-80153-877-3 | |
| 000 | 00890oam2 2200253 45 | |
| 001 | 002707222 | |
| 005 | 20041221105456.7 | |
| 010 | @a7-80153-877-3@dCNY26.00 | |
| 100 | @a20040802d2004 em y0chiy0110 ea | |
| 101 | 1 | @achi |
| 102 | @aCN@b110000 | |
| 105 | @ay z 000yy | |
| 200 | 1 | @a解读世界经济名著100部@AJie Du Shi Jie Jing Ji Ming Zhu 100 Bu@f余嘉等编译@FYu Jia Deng Bian Yi |
| 210 | @a北京@c人民日报出版社@d2004 | |
| 215 | @a444页@d21cm | |
| 225 | 2 | @a解读世界经典系列 |
| 330 | @a本书汇集了纵横古今、遍布全球著名的作者、实践家和理论家的各种观点。例如,关于战略的永恒之作《孙子兵法》和《君主论》;管理界的经典《科学管理原理》和《工业文明中的人类问题》等。 | |
| 410 | @12001 @a解读世界经典系列 | |
| 606 | 0 | @a经济学@x著作@x简介@y世界 |
| 606 | 0 | @a图书@x评论 |
| 690 | @aG252.1@v4 | |
| 701 | 0 | @a余嘉@4编译 |
| 801 | 0 | @aCN@bNLC@c20040917 |
| 905 | @b340747-750@dG252.1@e26@f4 | |
| 解读世界经济名著100部/余嘉等编译.-北京:人民日报出版社,2004 |
| 444页;21cm.-(解读世界经典系列) |
| ISBN 7-80153-877-3:CNY26.00 |
| 本书汇集了纵横古今、遍布全球著名的作者、实践家和理论家的各种观点。例如,关于战略的永恒之作《孙子兵法》和《君主论》;管理界的经典《科学管理原理》和《工业文明中的人类问题》等。 |
| ● |
| 相关链接 |
|
|
|
|
正题名:解读世界经济名著100部
索取号:G252.1/26
 
预约/预借
| 序号 | 登录号 | 条形码 | 馆藏地/架位号 | 状态 | 备注 |
| 1 | 0340747 | 203407474 | 第一样本阅览室/ [索取号:G252.1/26] | 在馆 | |
| 2 | 0340748 | 203407483 | 第四借阅区/ [索取号:G252.1/26] | 在馆 | |
| 3 | 0340749 | 203407492 | 第四借阅区/ [索取号:G252.1/26] | 在馆 | |
| 4 | 0340750 | 203407508 | 第四借阅区/ [索取号:G252.1/26] | 在馆 |